Mở rộng định lý Bézout cho trường hợp hệ phương trình siêu việt thực /
שמור ב:
| מחבר ראשי: | |
|---|---|
| פורמט: | Sách giấy |
| שפה: | Vietnamese |
| יצא לאור: |
Đà Lạt :
Trường Đại học Đà Lạt,
1997
|
| תגים: |
הוספת תג
אין תגיות, היה/י הראשונ/ה לתייג את הרשומה!
|
| Thư viện lưu trữ: | Thư viện Trường Đại học Đà Lạt |
|---|
| LEADER | 00629nam a2200241 4500 | ||
|---|---|---|---|
| 001 | DLU020018837 | ||
| 005 | ##10/16/2001 | ||
| 020 | # | # | |a 978- |
| 041 | # | # | |a vie |
| 082 | # | # | |a 515 |b LE-T |
| 100 | # | # | |a Lê Thanh Trúc |
| 245 | # | # | |a Mở rộng định lý Bézout cho trường hợp hệ phương trình siêu việt thực / |c Lê Thanh Trúc |
| 260 | # | # | |a Đà Lạt : |b Trường Đại học Đà Lạt, |c 1997 |
| 300 | # | # | |a 43 tr.; |c 29 cm. |
| 992 | # | # | |a 0 |
| 994 | # | # | |a DLU |
| 900 | # | # | |a False |
| 911 | # | # | |a Administrator |
| 925 | # | # | |a G |
| 926 | # | # | |a A |
| 927 | # | # | |a SH |
| 980 | # | # | |a Thư viện Trường Đại học Đà Lạt |